Missing Word: Horror Movies (A-Z) Quiz Stats

 Plays Quiz Updated Jun 16, 2017

Support Sporcle.
Go Orange.
Score 0/26 Timer 03:00
5 Plays Today
Hint Answer % Correct
The _____ Witch Project
(1999)
Blair
98%
A _____ on Elm Street
(1984)
Nightmare
96.4%
I _____ What You Did Last Summer
(1997)
Know
95.9%
Night of the _____ Dead
(1968)
Living
95.8%
The Texas Chain Saw _____
(1974)
Massacre
94.3%
The Cabin in the _____
(2012)
Woods
93%
_____ Activity
(2007)
Paranormal
92.7%
The Amityville _____
(1979; 2005)
Horror
91.5%
I Spit on _____ Grave
(1978; 2010)
Your
89.9%
Bride of _____
(1935)
Frankenstein
88.5%
_____'s Baby
(1968)
Rosemary
85.4%
Final _____
(2000)
Destination
84%
_____ the Skin
(2013)
Under
81.2%
Hint Answer % Correct
_____ of the Body Snatchers
(1956; 1978)
Invasion
80.9%
My Bloody _____
(1981; 2009)
Valentine
80.9%
_____'s Ladder
(1990)
Jacob
78.5%
_____: Resurrection
(1997)
Alien
74.5%
Damien: _____ II
(1978)
Omen
74.5%
_____ Out
(2017)
Get
73.7%
Jason ____
(2001)
X
73.1%
The _____ Dead
(1981)
Evil
71.8%
_____ Zone: The Movie
(1983)
Twilight
67.7%
The Dead _____
(1983)
Zone
64.6%
The _____ of Dr. Caligari
(1920)
Cabinet
39.8%
_____ 2: Terminal
(2011)
Quarantine
21%
Dead _____
(2009)
Snow
10.7%

Today's Daily Dose

Missing Word
'Y-Z' Pairs

Quick Pick
MCU Directors

You're not logged in!

Compare scores with friends on all Sporcle quizzes.
OR
Log In
Forgot?

From the Vault

Same Name Slideshow VI

by ghcgh

There really aren't enough famous people named Elon...someone should get on fixing that.
Remove Ads.
Support Sporcle.
Get the best of Sporcle when you Go Orange. This ad-free experience offers more features, more stats, and more fun while also helping to support Sporcle. Thank you for becoming a member.

Show Comments

Extras

Top Quizzes Today


Score Distribution

Your Account Isn't Verified!

In order to create a playlist on Sporcle, you need to verify the email address you used during registration. Go to your Sporcle Settings to finish the process.

Report this User

Report this user for behavior that violates our Community Guidelines.

Details: